| 000 | 01638nam a2200385 c 4500 | ||
|---|---|---|---|
| 003 | BLK | ||
| 005 | 20230407030331.0 | ||
| 008 | 180410b bul|||||r ||||||| ||bul|| | ||
| 010 | _aKNG00160417000 | ||
| 020 |
_a978-954-315-073-1 _bиздат.: Карина-Мариана Тодорова |
||
| 040 | _aBLK | ||
| 041 |
_aBUL _cBUL |
||
| 072 | 7 |
_2bullib _aЯ _xАвтографи |
|
| 072 | 7 |
_2bullib _aН82 _xЛитературознание Н |
|
| 080 |
_aБългарска литература _b821.163.2 _x.09 _z821.163.2.09 |
||
| 100 | 1 |
_aСивриев, Сава Стоянов _9254295 |
|
| 139 |
_aСивриев, Сава Стоянов _bС 35 |
||
| 245 | 1 | 0 |
_aЕкзегези _bИз историята на българската литература _cСава Стоянов Сивриев. |
| 257 | _aBGR | ||
| 260 |
_аСофия _bКарина-Мариана Тодорова _c2012 _fСофия : Изток-Запад |
||
| 300 |
_a327 с. _c20 см |
||
| 380 | _a82 | ||
| 500 | _aРез. на англ. ез. - Библиогр. след отд. глави. | ||
| 650 | 4 |
_aБългарска литература - теми, образи, сюжети _9242409 |
|
| 650 | 4 |
_aРелигия - в художествената литература _9304077 |
|
| 653 | _aбългарска литература | ||
| 653 | _aлитературна критика | ||
| 659 | _aН | ||
| 659 | _aЯ | ||
| 852 | _aЦб 268590 | ||
| 856 | 4 |
_qpdf _u |
|
| 856 | 4 |
_qpdf _u |
|
| 942 |
_cKNG _n0 |
||
| 944 |
_aCR _c08.05.2014 _lф / _kВиолета_Тройчева |
||
| 944 |
_aED _c07.01.2015 _lф / _kЛюдмила_Стоянова |
||
| 999 |
_c153852 _d153852 |
||